000 00336nam a22001457a 4500
008 241217b |||||||| |||| 00| 0 eng d
020 _a0130796115
050 _aHD70
_b.G75
100 _aGRIHIM, Ricky W.
245 _aBusiness
250 _a5th
260 _a New Jersey USA
_bPrentice Hall
_c1999
300 _axxiii,617
942 _cBK
999 _c1837
_d1837